000 00590nam a2200193Ia 4500
003 IN-BaIIA
008 211028s9999 xx 000 0 eng d
020 _a0-8243-0934-0
040 _cIIA Library
080 _a047.1:52
_bARA-34
245 0 _aAnnual review of astronomy and astrophysics
_bvol. 34
_cedited by G. Burbidge
260 _aCalifornia
_bAnnual Reviews
_c1996
300 _avii, 825p.
650 _aAnnual review
_920965
650 _aAstronomy
_980
650 _aAstrophysics
_9794
700 _aBurbidge, G., ed
_914854
942 _cBK
999 _c13839
_d13839